Normal view MARC view
  • MS-Science in Innovative Technologies in Learning (-ITL)

Entry Topical Term

Number of records used in: 1

001 - CONTROL NUMBER

  • control field: 130573

003 - CONTROL NUMBER IDENTIFIER

  • control field: NUST

005 - DATE AND TIME OF LATEST TRANSACTION

  • control field: 20250922154424.0

008 - FIXED-LENGTH DATA ELEMENTS

  • fixed length control field: 250922|| aca||aabn | a|a d

040 ## - CATALOGING SOURCE

  • Original cataloging agency: NUST
  • Transcribing agency: NUST

150 ## - HEADING--TOPICAL TERM

  • Topical term or geographic name entry element: MS-Science in Innovative Technologies in Learning (-ITL)

670 ## - SOURCE DATA FOUND

  • Source citation: Work cat.: (NUST): Ali, Mukaram 130572, From Traditional to Transformative: Adapting The OK-LCD Model to Modernize Training Practices at The Workplace./
© 2023 Central Library, National University of Sciences and Technology. All Rights Reserved.